| 000 | 00436nam a2200169Ia 4500 | ||
|---|---|---|---|
| 003 | GCL | ||
| 008 | 140319s9999 xx 000 0 eng d | ||
| 040 |
_aGCL / _cGCL |
||
| 082 | 0 | 4 |
_a624 _bK C |
| 100 | 1 | _aGUPTA, J. K | |
| 245 | 1 | 0 |
_aCIVIL ENGINEERING (OBJECTIVE TYPE) / _cGUPTA, J. K |
| 700 | 1 | _aKHURMI, R.S. | |
| 260 |
_a[S.N] : _bEURASIA PABLISHING ، _c1996 |
||
| 300 | _a485\P | ||
| 650 | 0 | 4 | _aCIVIL ENGINEERING |
| 942 |
_2ddc _cBK |
||
| 999 |
_c12143 _d12143 |
||